| 000 | 01018nam a2200193 a 4500 | ||
|---|---|---|---|
| 008 | 161215t2014 ag |||g |||| 00| f spa d | ||
| 020 | _a9789500746601 | ||
| 041 | _aspa | ||
| 092 |
_c863 _l3 _sALL |
||
| 100 | 1 |
_aAllende, Isabel _93210 |
|
| 245 | 3 |
_aEl juego de Ripper / _cIsabel Allende |
|
| 250 | _a1a ed. | ||
| 260 |
_aBuenos Aires: _bSudamericana; _c2014. |
||
| 300 |
_a480 p. _c23x16 cm. |
||
| 500 | _aAllende, I. (2014). El juego de Ripper. (1a ed.). Buenos Aires : Sudamericana. | ||
| 505 | _a"Mi madre todavía está viva, pero la matarán el Viernes Santo a medianoche", le advirtió Amanda Martín al inspector jefe y epeste no lo uso en duda, porque la chica había dado pruebas de saber más que él y todo sus colegas del Departamento de Homicidios. La mujer estaba cautiva en algún punto de los dieciocho mil kilómetros cuadrado de la había de San Francisco, tenían pocas horas para encontrarla con vida y él no sabía por dónde empezar a buscarla. | ||
| 655 |
_aNovela _93091 |
||
| 942 |
_2ddc _cLIT |
||
| 999 |
_c3308 _d3308 |
||